[Event "Cassis op 1st"]
[Site "Cassis"]
[Date "2022.05.27"]
[Round "4"]
[White "Philippe, Guillaume"]
[Black "Gozzoli, Yannick"]
[Result "1/2-1/2"]
[WhiteElo "2405"]
[BlackElo "2591"]
[PlyCount "68"]
[EventDate "2022.05.26"]
[EventType "swiss"]
[EventRounds "7"]
[EventCountry "FRA"]
[SourceTitle "CBM 208 Extra"]
[Source "ChessBase"]
[SourceDate "2022.07.31"]
[SourceVersion "1"]
[SourceVersionDate "2022.07.31"]
[SourceQuality "1"]

1. e4 e5 2. Nf3 Nc6 3. Bb5 a6 4. Ba4 Nf6 5. 0-0 b5 6. Bb3 Bb7 7. Re1 Bc5 8. c3 d6 9. d4 Bb6 10. a4 0-0 11. Na3 h6 12. d5 Ne7 13. c4 Ng4 14. Rf1 f5 15. Bc2 fxe4 16. Bxe4 Nf5 17. Nc2 Qd7 18. a5 Ba7 19. b3 Nh4 20. Nce1 Nf6 21. Bc2 Nxf3+ 22. Nxf3 c6 23. dxc6 Bxc6 24. h3 Rad8 25. Be3 Bxe3 26. fxe3 Qa7 27. Qe1 bxc4 28. bxc4 Qc5 29. Rb1 Be4 30. Bxe4 Nxe4 31. Rb7 Qxc4 32. Qh4 Nd2 33. Qg4 Qf4 34. Qxf4 Nc4 1/2-1/2

[Event "Titled Tuesday intern op 15th Feb Early"]
[Site "Chess.com INT"]
[Date "2022.02.15"]
[Round "10"]
[White "Deac, Bogdan Daniel"]
[Black "Gozzoli, Yannick"]
[Result "0-1"]
[WhiteElo "2679"]
[BlackElo "2595"]
[PlyCount "42"]
[EventDate "2022.02.15"]
[EventType "swiss (blitz)"]
[EventRounds "11"]
[EventCountry "USA"]
[SourceTitle "CBM 206 Extra"]
[Source "ChessBase"]
[SourceDate "2022.03.31"]
[SourceVersion "1"]
[SourceVersionDate "2022.03.31"]
[SourceQuality "1"]

1. e4 e5 2. Nf3 Nc6 3. Bb5 a6 4. Ba4 Nf6 5. 0-0 b5 6. Bb3 Bb7 7. d3 Bc5 8. Nc3 0-0 9. a4 Na5 10. Ba2 b4 11. Ne2 Re8 12. Ng3 d5 13. Bg5 h6 14. Bxf6 Qxf6 15. exd5 Rad8 16. Ne4 Qb6 17. Nxe5 b3 18. Bxb3 Nxb3 19. cxb3 Rxe5 20. Nxc5 Qxc5 21. d4 Qxd5 0-1